000 00398cam a22001337a 4500
008 180718b1966 xxu||||| |||| 00| 0 eng d
082 _aT39x54 K96
100 _aKumar, Dharma
245 _aIndia and the European Economic Community
_cby Dharma Kumar
260 _aBombay
_bAsia
_c1966
300 _a272p.
650 _aEuropean Economic Community
650 _aInternational Economi Relations - India
999 _c369874
_d369874